|
|
|
|
| LEADER |
00000nab a2200000 a 4500 |
| 001 |
vtls000225676 |
| 003 |
SK-MaSNL |
| 005 |
20260305004820.0 |
| 008 |
250422c1985 xo 0 slo |
| 015 |
|
|
|a SNBRB19rr/mm-uuuuu
|
| 035 |
|
|
|a CL0235790
|
| 035 |
|
|
|a urn:nbn:sk:snk-ab5zy
|
| 035 |
|
|
|a (urnnbn)urn:nbn:sk:snk:ar-0053jp
|
| 035 |
|
|
|a (uuid)4ef5ed9a-24a9-443c-90ee-d3d2894c57a9
|
| 040 |
|
|
|a SNKBUCL
|b slo
|c SNKBUCL
|e AACR2
|
| 041 |
0 |
|
|a slo
|
| 044 |
|
|
|a xo
|c SK
|
| 080 |
|
|
|a 719.071.3
|2 1981
|
| 080 |
|
|
|a Hoffstädter, Bedrich
|2 1981
|
| 100 |
1 |
|
|a Lacika, Ivan
|4 aut
|9 277239
|
| 245 |
1 |
0 |
|a Bedrich Hoffstädter
|c Ivan Lacika
|
| 300 |
|
|
|b Obr. 4.
|
| 600 |
1 |
7 |
|a Hoffstädter, Bedrich,
|d 1910-1954
|2 snkbucl
|9 38645
|
| 655 |
|
7 |
|a články z novín a časopisov
|2 snkbucl
|9 267496
|
| 773 |
0 |
|
|t Výtvarný život
|g Roč. 30, č. 9 (1985), s. 35
|
| 850 |
|
|
|a Slovenská národná knižnica
|
| 852 |
|
|
|a Slovenská národná knižnica
|
| 954 |
|
|
|a odborná, vedecká literatúra pôvodná (slovenská)
|2 lita
|
| 958 |
|
|
|a article27
|
| 958 |
|
|
|a BX
|
| 958 |
|
|
|a RK
|
| 958 |
|
|
|a OND
|
| 958 |
|
|
|a EUIPO
|
| 992 |
|
|
|a RBX
|
| 999 |
|
|
|c 3237697
|d 3239627
|